<?xml version="1.0" encoding="UTF-8"?>
<collection xmlns="http://www.loc.gov/MARC21/slim">
 <record>
  <leader>00728pamaa2200157   4500</leader>
  <controlfield tag="001">0000020563</controlfield>
  <controlfield tag="005">19990918090000.0</controlfield>
  <datafield tag="020" ind1="0" ind2="0">
   <subfield code="a">[ nil ] </subfield>
  </datafield>
  <datafield tag="090" ind1="0" ind2="0">
   <subfield code="a">d332  </subfield>
   <subfield code="b">CHE 1999</subfield>
  </datafield>
  <datafield tag="100" ind1="1" ind2="0">
   <subfield code="a">CHEW EI MEI </subfield>
  </datafield>
  <datafield tag="245" ind1="1" ind2="0">
   <subfield code="a">Do the investors have confidence in Malaysia now by Chew Ei Mei.  2. The prospect of open-ended trust funds in Malaysia : a survey of awareness and demand for unit trust investments in Klang Valley by Lai Juan Chen.</subfield>
  </datafield>
  <datafield tag="260" ind1="0" ind2="0">
   <subfield code="a">Nilai: </subfield>
   <subfield code="b">INTI College Malaysia, </subfield>
   <subfield code="c">1999.</subfield>
  </datafield>
  <datafield tag="300" ind1=" " ind2=" ">
   <subfield code="a">Volume VII.</subfield>
  </datafield>
  <datafield tag="500" ind1="0" ind2="0">
   <subfield code="a">Thesis submitted to Inti College Malaysia in partial fulfillment of the requirements for the degree of B.A. (Hons) in Finance with University of Hertfordshire</subfield>
  </datafield>
  <datafield tag="650" ind1="0" ind2="0">
   <subfield code="a">Dissertations, Academic </subfield>
  </datafield>
  <datafield tag="700" ind1="1" ind2="1">
   <subfield code="a">LAI JUAN CHEN </subfield>
  </datafield>
 </record>
</collection>
